| 000 | 00635nam a22002177a 4500 | ||
|---|---|---|---|
| 003 | OSt | ||
| 005 | 20240727014440.0 | ||
| 006 | a | ||
| 008 | 240727b |||||||| |||| 00| 0 eng d | ||
| 020 | _a9710866958 | ||
| 040 |
_aDWCL-Main lib. _cOC |
||
| 082 |
_2Second edition _aFil. 519.5 B874s 2006 |
||
| 100 | _aBroto, Antonio S. | ||
| 245 | _aStatistics made simple / | ||
| 250 | _aSecond edition | ||
| 260 |
_aMandaluyonh City : _bNational Book Store, _cc2006. |
||
| 300 |
_b299 p. : ill. ; _c23 cm. |
||
| 504 | _aIncludes bibliographical references. | ||
| 650 | _a1. Statistics. | ||
| 942 |
_2ddc _eSecond edition _n0 _cBK-FIL _kFil. |
||
| 999 |
_c2844 _d2844 |
||